000 00451nam a22001457a 4500
999 _c11828
_d11828
008 210112b ||||| |||| 00| 0 eng d
082 0 0 _a621.30246238
_bK891
100 _91274
_aKraal, Edmund G. R.
245 1 0 _aReed's advanced electrotechnology for engineers /
_cby Edmund G.R.Kraal
260 _aSunderland:
_bThomas Reed Publication,
_c1979.
300 _a664 p.
650 0 _aElectrical Engineering
650 0 _aMarine Engineering
942 _cBK